Word Scramble: Airlines - Statistics

General Stats
  • This quiz has been taken 42 times
  • The average score is 10 of 15
Answer Stats
Hint Answer % Correct
etujebl JetBlue
94%
rai anacda Air Canada
91%
ladte Delta
91%
isssw Swiss
91%
ari fcearn Air France
88%
qarta Qatar
88%
meaacinr American
79%
qnsaat Qantas
79%
sitpir Spirit
76%
sirhtbi iryaswa British Airways
71%
ehwotusts Southwest
65%
dutnie United
56%
fernirot Frontier
35%
aaltlinge Allegiant
21%
olivsar Volaris
6%
No matching quizzes found
Score Distribution
Percent of People with Each Score
Percentile by Number Answered
Your Score History
You have not taken this quiz